000 00571nam a2200217Ia 4500
003 OSt
005 20220928141138.0
006 a|||||r|||| 00| 0
007 ta
008 220927b |||||||| |||| 00| 0 eng d
024 _a13841
037 _cTextual
040 _aSDCL
_cSDCL
_beng
041 _2eng
_aeng
082 _aO-,K:g(Y), M1
100 _aMalekin Peter
_9499221
245 0 _aLiberty and love
_b English literature and society1640-88.
260 _c1981
942 _hO-,K:g(Y), M1
_cTEXL
_2CC
999 _c816250
_d816250